000
00315 a2200121 4500
020
_a
0201916690
082
_a
338.5
090
_c
6819
_d
6819
100
_a
Ekelund, Robert B., Jr; Tollison, Robert D.
245
_a
Microeconomics
_b
Private Markets and Public Choice
250
_a
5th
942
_a
NBS
_c
BK
_k
338.5 EKE
999
_c
349160
_d
349160